Focus on Science: Exploring the Physical World (Record no. 4230)

MARC details
005 - DATE AND TIME OF LATEST TRANSACTION
control field 20250623124100.0
020 ## - INTERNATIONAL STANDARD BOOK NUMBER
International Standard Book Number 0-669-00842-7
082 ## - DEWEY DECIMAL CLASSIFICATION NUMBER
Classification number LM 530.1 FLA
100 ## - MAIN ENTRY--PERSONAL NAME
Author name FLANAGAN, F. J.
245 ## - TITLE STATEMENT
Title Focus on Science: Exploring the Physical World
260 ## - PUBLICATION, DISTRIBUTION, ETC.
Place of publication, distribution, etc. Canada,
Name of publisher, distributor, etc. D.C. Health Canada Ltd,
Date of publication, distribution, etc. 1979.
300 ## - PHYSICAL DESCRIPTION
Extent 329p.: ill.; figure, picture.
Other physical details Index.
Dimensions 24cm.
942 ## - ADDED ENTRY ELEMENTS (KOHA)
Source of classification or shelving scheme Dewey Decimal Classification
Koha item type Books
Holdings
Date last seen Total checkouts Full call number Barcode Cost, replacement price Price effective from Koha item type Lost status Source of classification or shelving scheme Damaged status Not for loan Withdrawn status Home library Current library Shelving location Date acquired Cost, normal purchase price
06/17/2025   LM 530.1 FLA 00000010926 60000.00 06/17/2025 Books   Dewey Decimal Classification       College of Business Education Main Library College of Business Education Main Library General Collection 04/13/1999 12000.00
06/17/2025   LM 530.1 FLA 00000010927 60000.00 06/17/2025 Books   Dewey Decimal Classification       College of Business Education Main Library College of Business Education Main Library General Collection 04/13/1999 12000.00